Análisis de escenarios para la construcción de una subestación industrial en una empresa médica
সংরক্ষণ করুন:
| প্রধান লেখক: | |
|---|---|
| অন্যান্য লেখক: | |
| বিন্যাস: | গ্রন্থ |
| ভাষা: | Spanish |
| প্রকাশিত: |
[San José ], Costa Rica
2016
|
| বিষয়গুলি: | |
| ট্যাগগুলো: |
ট্যাগ যুক্ত করুন
কোনো ট্যাগ নেই, প্রথমজন হিসাবে ট্যাগ করুন!
|
MARC
| LEADER | 00000nam a22000007a 4500 | ||
|---|---|---|---|
| 003 | 012706 | ||
| 005 | 20231128154821.0 | ||
| 008 | 171004b2016 cr |a||| |||m 00| ||spa d | ||
| 040 | |c cru CEDI | ||
| 090 | |a TFG 7857 | ||
| 100 | |a Castro Cambronero, Efrén Alonso, 1993- |9 1903 | ||
| 245 | |a Análisis de escenarios para la construcción de una subestación industrial en una empresa médica | ||
| 260 | |a [San José ], Costa Rica |c 2016 | ||
| 300 | |a xi, 47 hojas ; ilustraciones a color | ||
| 500 | |a "IE-0499 Proyecto eléctrico”, Proyecto de graduación (bachillerato en ingeniería eléctrica)--Universidad de Costa Rica. Facultad de Ingeniería. Escuela de Ingeniería Eléctrica | ||
| 501 | |a Profesor Guía de IE-0499 Proyecto Eléctrico: Lic. Juan Ramón Rodríguez Solera | ||
| 650 | |x SUBESTACIONES ELECTRICAS |x SISTEMAS DE ENERGIA ELECTRICA |x DISTRIBUCION DE ENERGIA ELECTRICA |9 10062 | ||
| 700 | |a Rodríguez Solera, Juan Ramón, 1961- |d Director de Proyecto Eléctrico |9 680 | ||
| 942 | |c TFG |h TFG 7857 |i 012706 |6 TFG_7857_012706000000000 | ||
| 999 | |c 19083 |d 19083 | ||
